Κατάλογος Βιβλιοθηκών Mediterranean College

Health Psychology / Biopsychosocial Interactions (Record no. 8112)

MARC details
000 -LEADER
fixed length control field 01642cam a22002054a 4500
005 - ΗΜΕΡΟΜΗΝΙΑ ΚΑΙ ΩΡΑ ΤΕΛΕΥΤΑΙΑΣ ΕΝΗΜΕΡΩΣΗΣ
Πεδίο ελέγχου 20250605164327.0
008 - FIXED-LENGTH DATA ELEMENTS--GENERAL INFORMATION
Πεδίο ελέγχου σταθερού μήκους 250528s ||||||||||||||||||||||||d
035 ## - SYSTEM CONTROL NUMBER
System control number 23081
020 ## - ISBN
ISBN 471691003
040 ## - ΠΗΓΗ ΚΑΤΑΛΟΓΟΓΡΑΦΗΣΗΣ
Φορέας πρωτότυπης καταλογογράφησης MC Athens Campus Library
Γλώσσα καταλογογράφησης Ελληνικά, Μοντέρνα (1453-)
Modifying agency MC Athens Campus Library
Κανόνες περιγραφικής καταλογογράφησης AACR2
245 1# - ΤΙΤΛΟΣ ΚΑΙ ΔΗΛΩΣΗ ΥΠΕΥΘΥΝΟΤΗΤΑΣ
Τίτλος Health Psychology / Biopsychosocial Interactions
250 ## - EDITION STATEMENT
Edition statement 5th
260 ## - PUBLICATION, DISTRIBUTION, ETC.
Place of publication, distribution, etc. Hoboken, NJ
Name of publisher, distributor, etc. John Wiley And Sons, Inc,
Date of publication, distribution, etc. 2006
300 ## - PHYSICAL DESCRIPTION
Extent 558
520 ## - SUMMARY, ETC.
Summary, etc. This book examines the dynamic interplay of biological, psychological and social factors in people's health. An Introduction: Basic Issues and Process, An Overview of Psychology and Health, The Body's Physical Systems, Stress and Illness and Coping, Stress and Its Meaning and Impact and Sources, Stress and Biopsychosocial Factors and Illness, Coping with and Reducing Stress, Lifestyles to Enhance Health and Prevent Illness, Health - Related Behavior and Health Promotion, Substance Use and Abuse, Nutrition and Weight Control and Diet and Exercise and Safety, Becoming Ill and Getting Medical Treatment, Using Health Services, In the Hospital: The Setting and Procedures and Effects on Patients, Physical Symptoms: Pain and Discomfort, The Nature and Symptoms of Pain, Managing and Controlling Clinical Pain, Chronic and Life - Threatening Health Problems, Serious and Disabling Chronic Illnesses: Causes and Management and Coping, Heart Disease and Stroke and Cancer and AIDS: Causes and Management and Coping, Looking to the Future, What's Ahead for Health Psychology?, Glossary, References, Subject and Author Index.
700 1# - ΠΡΟΣΘΕΤΗ ΑΝΑΓΡΑΦΗ--ΦΥΣΙΚΟ ΠΡΟΣΩΠΟ
Personal name Sarafino Edward P
9 (RLIN) 93
942 ## - ADDED ENTRY ELEMENTS (KOHA)
Koha item type Books
Holdings
Τύπος τεκμηρίου Βιβλιοθήκη Τρέχουσα τοποθεσία Τοποθεσία Barcode Αριθμός εισαγωγής Ημερομηνία απόκτησης Ταξιθετικό σύμβολο Αριθμός αντιτύπου Κατάσταση απόσυρσης Κατάσταση χαμένου Κατάσταση κατεστραμμένου Μη δανεισμός Σύνολο δανεισμών Ημερομηνία τελευταίας εμφάνισης Η τιμή ισχύει από
Books MC Athens Campus Library MC Athens Campus Library Παράρτημα Γλυφάδας 9780000081117 7698   616.0019 SAR 1           05/06/2025 05/06/2025

MC Athens Campus Library
Πατησίων 94 & Κοδριγκτώνος 13, 104 34
Πελλήνης 8 & Πατησίων 107, 112 51
Τ: +30 210 8899600

MC Thessaloniki Campus Library
Ίωνος Δραγούμη 21, 54625 | Ίωνος Δραγούμη 15, 54625
Τ: +30 2310 287779 – Τ: +30 2314 440300